[Event "ICS Rated blitz match"]
[Site "204.178.125.65"]
[Date "1999.08.27"]
[Round "?"]
[White "Hossa"]
[Black "Zippy"]
[Result "0-1"]
[WhiteElo "2278"]
[BlackElo "2360"]
[Annotator "Fritz 5.32 (22s)"]
[PlyCount "99"]
[EventDate "1999.??.??"]

1. e4 e6 2. d4 d5 3. Bd3 dxe4 4. Bxe4 c5 (4... Nf6 5. Bg5 Be7 6. Bf3 O-O 7. Ne2
Nbd7 8. Nd2 c5 9. c3 cxd4 10. Nxd4 Ne5 11. Be2 Nd5 12. Bxe7 Qxe7 13. N2f3 Ng6
14. Qc2 Ndf4 15. Bf1 e5 16. Nf5 Bxf5 17. Qxf5 e4 18. Nd4 e3 19. fxe3 {
Hadlich,W-Ivanov,T/Pinneberg 1994/EXT 98/ - (29)}) 5. Be3 (5. Ne2 Nf6 6. Bf3
Be7 7. O-O O-O 8. Nbc3 a6 9. dxc5 Qa5 10. Bd2 Qxc5 11. Na4 Qc7 12. Be3 Rd8 13.
Bb6 Rxd1 14. Bxc7 Rxf1+ 15. Rxf1 Nbd7 16. Rd1 Kf8 17. Ng3 Ra7 18. Bb6 Ra8 19.
Bc7 Ra7 20. Bb6 Ra8 21. Bc7 {- Frederiksen,J-Heyman,J/Metz 1997/EXT 99 (21)})
5... Nf6 6. Nc3 $146 (6. Bf3 Qb6 7. b3 Nc6 8. Ne2 e5 9. dxc5 Bxc5 10. Bxc5 Qxc5
11. Bxc6+ Qxc6 12. O-O O-O 13. c4 b6 14. Nbc3 Bb7 15. f3 Rad8 16. Qc2 Ng4 17.
Rab1 Qc5+ 18. Kh1 Nf2+ 19. Kg1 Rd2 20. Na4 20... Nh3+ {
0-1 Balparda,J-Anfruns/Mar del Plata 1928/HCL (20)}) 6... Nxe4 (6... Qb6 7. Rb1
$11) 7. Nxe4 Qd5 8. f3 cxd4 9. Bxd4 Nc6 10. Ne2 Nxd4 11. Nxd4 $15 (11. Qxd4
Qxd4 12. Nxd4 12... Bd7 $11) 11... f5 12. Ng3 Kf7 13. c3 {Staerkt b4} 13... Bc5
14. Nb3 Qe5+ 15. Qe2 Qxe2+ 16. Kxe2 Be7 17. Rad1 17... b6 {Sichert a5+c5} 18.
Nd4 Bb7 19. Rhe1 Bh4 20. Ke3 Rad8 21. Nb5 Be7 22. Nxa7 22... Rxd1 $11 (22... g5
23. Kf2 Rxd1 24. Rxd1 $15) 23. Rxd1 g5 24. Kd3 Ra8 25. Nb5 Rxa2 26. Kc2 Bc6 27.
Nd6+ Kf6 28. Nc4 Ba4+ 29. Kb1 Bxd1 30. Kxa2 Bc5 31. b4 Bg1 32. Nb2 Bc2 33. Ne2
Bf2 ({Jedoch nicht} 33... Bxh2 34. Nd4 $16) 34. Nd4 $19 (34. c4 $5 $15 $142 {
muss geprueft werden}) 34... Bxd4 35. cxd4 b5 36. g3 (36. Ka1 Ke7 37. Nc4 37...
bxc4 $19) 36... Ke7 37. Ka3 (37. d5 {holt die Kuh nicht vom Eis} 37... e5 $19)
37... Kd6 38. Ka2 Kd5 39. h4 (39. Ka3 $19 {ist noch eine duenne Chance}) 39...
f4 40. gxf4 gxh4 41. f5 41... exf5 {Droht Matt: h3} 42. Ka3 (42. Nd3 {
kann das Vorangegangene nicht ungeschehen machen} 42... Bxd3 43. Kb2 Kxd4 44.
Kc1 h3 45. f4 h2 46. Kd2 h6 47. Kd1 h1=Q+ 48. Kd2 Qh2+ 49. Kd1 Qe2+ 50. Kc1
Qc2#) 42... h3 43. Ka2 h2 44. Nd1 Bxd1 45. Kb2 h1=Q 46. Kb1 (46. f4 {
macht keinen grossen Unterschied} 46... Qh2+ 47. Ka3 Ke4 48. d5 Qc2 49. d6 Qb3#
) 46... Bxf3+ (46... Qh2 47. Ka1 Bb3 48. Kb1 Qc2+ 49. Ka1 Qa2#) 47. Kb2 (47.
Kc2 {holt die Kuh nicht vom Eis} 47... Kxd4 48. Kb2 Be4 49. Ka3 Qc1+ 50. Kb3
Bd5#) 47... Qf1 (47... Kxd4 48. Kc2 Qa1 49. Kd2 Qc3#) 48. Ka2 (48. Kc2 {
aendert den traurigen Lauf der Dinge nicht} 48... Be4+ 49. Kd2 Qf2+ 50. Kc3
Qc2#) 48... Qc1 49. Kb3 Kxd4 50. Ka2 0-1

[Event "ICS Rated blitz match"]
[Site "204.178.125.65"]
[Date "1999.09.06"]
[Round "?"]
[White "Hossa"]
[Black "Zippy"]
[Result "0-1"]
[WhiteElo "2493"]
[BlackElo "2223"]
[PlyCount "93"]
[EventDate "1999.??.??"]

1. d4 Nf6 2. c4 e6 3. Nc3 Bb4 4. a3 Bxc3+ 5. bxc3 Ne4 6. Qc2 d5 7. e3 O-O 8.
Bd3 f5 9. Ne2 c5 10. O-O b6 11. cxd5 exd5 12. f3 Ng5 13. c4 b5 14. cxb5 c4 15.
Bxc4 dxc4 16. Qxc4+ Be6 17. Qb4 a6 18. Rb1 axb5 19. Qxb5 Nd7 20. e4 Rb8 21.
Bxg5 Qxg5 22. Qd3 fxe4 23. fxe4 Rxb1 24. Rxb1 Qf6 25. Qe3 Bc4 26. Ng3 Kh8 27.
Rc1 Nb6 28. Nf5 g6 29. Ng3 Kg8 30. Rd1 Ba6 31. a4 Nc4 32. Qe2 Qb6 33. Qc2 Ne3
34. Qb1 Qe6 35. Rc1 Qf7 36. Kh1 Qf2 37. Rg1 Bc4 38. Qb4 Bf1 39. Qb3+ Kh8 40.
Qxe3 Qxe3 41. Nxf1 Qxe4 42. Ng3 Qxd4 43. a5 Qa4 44. Rc1 Qxa5 45. Rd1 Rf2 46.
Rg1 Qd5 47. Nf1 {Hossa resigns} 0-1

[Event "ICS Rated blitz match"]
[Site "204.178.125.65"]
[Date "1999.08.27"]
[Round "?"]
[White "Hossa"]
[Black "Zippy"]
[Result "1-0"]
[WhiteElo "2351"]
[BlackElo "2353"]
[PlyCount "233"]
[EventDate "1999.??.??"]

1. Nf3 Nf6 2. g3 g6 3. Bg2 Bg7 4. Nc3 d5 5. O-O Nc6 6. d4 O-O 7. Ng5 h6 8. Nf3
Ne4 9. Bf4 Nxc3 10. bxc3 Bg4 11. Rb1 Rb8 12. Re1 Re8 13. e4 dxe4 14. Rxe4 Qd5
15. Re1 Qa5 16. Qd2 Kh7 17. Ne5 Nxe5 18. Bxe5 f6 19. Bf4 e5 20. Be3 c6 21. a3
Red8 22. Qc1 Be6 23. f4 e4 24. Bxe4 f5 25. Bh1 Qxc3 26. d5 Bxd5 27. Bxa7 Bd4+
28. Bxd4 Qxd4+ 29. Qe3 Bxh1 30. Qxd4 Rxd4 31. Re7+ Kg8 32. Kxh1 Ra4 33. Rb3 Rc4
34. Rbxb7 Rxb7 35. Rxb7 Rxc2 36. Rc7 c5 37. a4 Ra2 38. Rxc5 Rxa4 39. h4 Ra3 40.
Kg2 Kf7 41. h5 Ra6 42. Rc7+ Kf8 43. hxg6 Rxg6 44. Kh3 Re6 45. Kh4 Re2 46. Kh5
Re6 47. Rh7 Re3 48. Rxh6 Kg7 49. Rg6+ Kf7 50. Rg5 Kf6 51. Kh4 Re1 52. Kh3 Rh1+
53. Kg2 Rd1 54. Rg8 Rd3 55. Rf8+ Ke6 56. Ra8 Rd2+ 57. Kh3 Rf2 58. Rd8 Kf6 59.
Rd6+ Ke7 60. Rd5 Ke6 61. Re5+ Kf6 62. Re8 Kg6 63. Re6+ Kh5 64. Re5 Kg6 65. Re8
Kf6 66. Rf8+ Ke6 67. Rb8 Rf3 68. Re8+ Kf6 69. Rf8+ Kg6 70. Rc8 Rf2 71. Rc6+ Kh5
72. Rc5 Kg6 73. Rc4 Kf6 74. Rc1 Ke6 75. Re1+ Kf6 76. Re3 Kf7 77. Rb3 Kg6 78.
Rb6+ Kh5 79. Rb1 Kg6 80. Rd1 Kf6 81. Rd3 Ke6 82. Ra3 Kf6 83. Ra6+ Ke7 84. Rh6
Kf7 85. Rh7+ Ke6 86. Rh8 Rd2 87. Rb8 Rf2 88. Rb1 Rd2 89. Rb6+ Kd5 90. g4 Rd3+
91. Kh4 fxg4 92. Kxg4 Rd4 93. Kf5 Rc4 94. Rf6 Rc8 95. Kg4 Rg8+ 96. Kf3 Re8 97.
Rh6 Rf8 98. Rg6 Rf7 99. Kg4 Ke4 100. Re6+ Kd5 101. f5 Rc7 102. Re2 Rf7 103. Kg5
Rg7+ 104. Kh5 Rc7 105. f6 Kd6 106. Kg6 Kc5 107. Rc2+ Kd6 108. Rxc7 Kxc7 109. f7
Kd6 110. f8=Q+ Kd5 111. Qb4 Kc6 112. Qa5 Kd6 113. Kf7 Kc6 114. Ke7 Kb7 115. Kd7
Kb8 116. Kc6 Kc8 117. Qa8# {Zippy checkmated} 1-0

[Event "ICS Rated blitz match"]
[Site "204.178.125.65"]
[Date "1999.08.27"]
[Round "?"]
[White "Hossa"]
[Black "Zippy"]
[Result "1-0"]
[WhiteElo "2329"]
[BlackElo "2352"]
[PlyCount "135"]
[EventDate "1999.??.??"]

1. e4 Nf6 2. e5 Nd5 3. d4 d6 4. c4 Nb6 5. exd6 cxd6 6. Nc3 Nc6 7. d5 Ne5 8. b3
g6 9. Be3 Bg7 10. Nge2 Bg4 11. Bd4 O-O 12. f4 Ned7 13. Bxg7 Kxg7 14. h3 Bxe2
15. Bxe2 e5 16. O-O f5 17. fxe5 dxe5 18. Nb5 a6 19. Nc3 Qh4 20. a3 Qd4+ 21.
Qxd4 exd4 22. Na2 Rae8 23. Rae1 Re3 24. Nc1 Ne5 25. Rd1 Re4 26. Bd3 Rh4 27. Kf2
Re8 28. Kg3 Rh5 29. Be2 Rh6 30. Rxd4 Nbd7 31. Bd3 Rh5 32. h4 Nc5 33. Bc2 Ng4
34. b4 Nd7 35. Bd1 Re3+ 36. Rf3 Re1 37. Rc3 Ndf6 38. Bf3 Rxh4 39. Bxg4 g5 40.
Nb3 fxg4 41. Kf2 Re7 42. Re3 Rf7 43. Kg1 h6 44. c5 Kf8 45. d6 Rd7 46. a4 Kf7
47. g3 Rh3 48. Nc1 a5 49. Nd3 axb4 50. Ne5+ Kf8 51. Nxd7+ Nxd7 52. Rxg4 b3 53.
Rxb3 Nxc5 54. Rb5 Ne6 55. Kg2 Rh5 56. Rxb7 Nd8 57. Rc7 Nf7 58. Rc8+ Kg7 59. d7
Kf6 60. Rf8 Rh1 61. d8=Q+ Kg6 62. Rxf7 Kxf7 63. Kxh1 Ke6 64. Re4+ Kf5 65. Qe7
Kg6 66. Qd6+ Kf7 67. Re7+ Kf8 68. Qd8# {Zippy checkmated} 1-0

[Event "ICS Rated blitz match"]
[Site "204.178.125.65"]
[Date "1999.10.13"]
[Round "?"]
[White "Hossa"]
[Black "Zippy"]
[Result "1-0"]
[WhiteElo "2402"]
[BlackElo "2337"]
[PlyCount "223"]
[EventDate "1999.??.??"]

1. e4 c5 2. Nf3 e6 3. d4 cxd4 4. Nxd4 Nf6 5. Nc3 Nc6 6. Nxc6 bxc6 7. e5 Nd5 8.
Ne4 Qc7 9. f4 f5 10. exf6 gxf6 11. Bd3 h5 12. Be2 h4 13. O-O f5 14. Bh5+ Ke7
15. Ng5 Ba6 16. Rf2 Bg7 17. a3 Rab8 18. c3 Nf6 19. Be2 Bxe2 20. Rxe2 Nd5 21.
Rf2 c5 22. Kh1 c4 23. a4 Rb3 24. Kg1 Rh6 25. Nf3 Rb8 26. Ne5 d6 27. Nf3 Qc5 28.
Ng5 Rb3 29. Qe2 a5 30. Kh1 Kd7 31. Rf1 Qc6 32. Rg1 h3 33. Nf3 hxg2+ 34. Rxg2
Bh8 35. Ng5 Ke7 36. Qf1 Nb6 37. Nf3 Nd5 38. Qf2 Bf6 39. Qa7+ Qb7 40. Qg1 Nxc3
41. Rg7+ Bxg7 42. Qxg7+ Kd8 43. Qxb7 Rxb7 44. bxc3 Rb3 45. Bd2 Rb2 46. Be1 Kd7
47. h4 Kd8 48. Rd1 Ke7 49. Nd4 Kd7 50. Nb5 d5 51. Na3 Ke7 52. Nb5 Ra2 53. Nd4
Rxa4 54. Nc6+ Ke8 55. Kg2 Ra2+ 56. Kf3 a4 57. Rb1 a3 58. Rb8+ Kd7 59. Ne5+ Kc7
60. Ra8 Kb7 61. Ra5 Kb6 62. Ra8 Kb5 63. Bf2 Rb2 64. Kg3 a2 65. Bd4 Rh7 66. Nf3
Rf7 67. Be3 Rg7+ 68. Kh3 Kc6 69. Bd4 Rgg2 70. Ne5+ Kb5 71. Nf3 Rg8 72. Ra3 Rc2
73. Be5 Kb6 74. Bd4+ Kb7 75. Ra7+ Kb8 76. Ra3 Rg6 77. Ne5 Rgg2 78. Ra7 Rge2 79.
Nc6+ Kc8 80. Ne7+ Kd8 81. Nc6+ Ke8 82. Ra8+ Kd7 83. Ne5+ Ke7 84. Ra7+ Ke8 85.
Ra8+ Ke7 86. Ra7+ Kf8 87. Ra8+ Kg7 88. Nxc4+ Kf7 89. Ne5+ Ke7 90. Ra7+ Kf8 91.
Kg3 Kg8 92. Nd7 Rg2+ 93. Kf3 Rg6 94. h5 Rh6 95. Nf6+ Rxf6 96. Bxf6 Rh2 97. Be5
Kf8 98. h6 Kg8 99. Ke3 Rxh6 100. Rxa2 Rh1 101. Kd4 Rd1+ 102. Kc5 Rg1 103. Kd6
Kf7 104. Ra7+ Kg8 105. Kxe6 Re1 106. Ra8+ Kh7 107. Kxf5 Rxe5+ 108. fxe5 Kg7
109. e6 d4 110. e7 Kh7 111. e8=Q Kg7 112. Qg6# {Zippy checkmated} 1-0

[Event "ICS Rated blitz match"]
[Site "204.178.125.65"]
[Date "1999.09.29"]
[Round "?"]
[White "Hossa"]
[Black "Zippy"]
[Result "0-1"]
[WhiteElo "2478"]
[BlackElo "2374"]
[Annotator "Fritz 5.32 (29s)"]
[PlyCount "138"]
[EventDate "1999.??.??"]

1. e4 e5 2. Nf3 Nc6 3. Bb5 a6 4. Ba4 Nf6 5. d4 exd4 6. O-O b5 7. Bb3 Bc5 (7...
d5 8. exd5 Nxd5 9. Ng5 f6 10. Re1+ Nce7 11. Qh5+ g6 12. Qf3 Bb7 13. Ne6 Qd6 14.
Bf4 Nxf4 15. Qxb7 Qc6 16. Qxc6+ Nxc6 17. Nxf4+ Kd7 18. Be6+ Kd6 19. Bd5 Kc5 20.
Nd2 Bd6 21. Ne4+ Kb6 22. Nxd6 {
Fernandes,A-Khaled,A/Thessaloniki 1988/TD/1-0 (52)}) 8. Re1 $146 (8. e5 Ng4 9.
h3 (9. Bxf7+ Kf8 10. Bd5 Qe8 (10... Rb8 11. c3 dxc3 12. Bxc6 Qe8 13. Be4 Nxe5
14. Nxe5 Qxe5 15. Nxc3 Rb6 16. Qd5 Qxd5 17. Nxd5 Re6 18. Bf3 c6 19. Nf4 Rf6 20.
Nd3 Bd4 21. Bg5 Rf5 22. Be3 Bxe3 23. fxe3 Ke7 24. Be4 Rxf1+ 25. Rxf1 {
Szelag,M-Janusz,J/Krynica 1994/EXT 98/1-0 (50)}) 11. h3 Ngxe5 12. Nxe5 Qxe5 13.
Qf3+ Qf6 14. Qxf6+ gxf6 15. Re1 Kg7 16. Re4 f5 17. Rh4 Be7 18. Bxc6 dxc6 19.
Rxd4 Re8 20. Rd1 Bb7 21. Bf4 Rad8 22. Nc3 Bd6 23. Bg5 23... Rd7 {
Henriques,S-Coimbra,M/Lisboa 1995/EXT 97/1-0 (103)}) 9... Nh6 10. Bg5 Be7 11.
Bxh6 gxh6 12. Bd5 Rb8 13. Re1 O-O 14. Nbd2 Nb4 15. Be4 f5 16. exf6 {
- Wegener,M-Husemann,A/Dortmund 1990/EXT 97 (16)}) 8... h6 {Staerkt g5} 9. e5
Nh7 10. a4 $15 (10. c3 10... Na5 $11) 10... Bb7 11. axb5 axb5 12. Rxa8 Qxa8 13.
Na3 13... Na7 $14 (13... Qa5 $5 $15 {ist zu beachten}) 14. Nxd4 b4 15. Nab5
Nxb5 16. Nxb5 Qa5 17. Qd3 $11 (17. Qg4 Ng5 18. Bxg5 Qxb5 19. Bxf7+ Kxf7 20. e6+
dxe6 21. Qxe6+ 21... Kf8 $14) 17... Nf8 18. Rf1 Ne6 19. c3 {Deckt d4} 19...
bxc3 20. bxc3 {Verwehrt dem Gegner b4+d4.} 20... O-O $11 (20... Qb6 21. Kh1 $15
) 21. Bc2 {Droht Matt: Qh7} (21. Qxd7 Rd8 22. Bxe6 Rxd7 23. Bxd7 23... Bd5 $19)
21... Re8 22. Bxh6 (22. Qxd7 $4 {Weiss schlaegt einen vergifteten Bauern} 22...
Rd8 23. Qxd8+ 23... Nxd8 $19) 22... gxh6 23. Qh7+ Kf8 24. Qxh6+ Ke7 25. Qf6+
Kf8 26. Qh8+ Ke7 27. Qh4+ 27... Kf8 {Mit der Absicht Rc8} 28. Bd3 $17 (28. Qh8+
$5 $142 {und Weiss spielt mit} 28... Ke7 29. Qf6+ Kf8 30. Qh8+ $11) 28... Ra8
29. Rc1 $19 (29. Rb1 29... Bc6 $17) 29... Qa4 $17 (29... Bc6 $5 30. Rd1 $19)
30. c4 $19 (30. Qh8+ Ke7 31. Qf6+ Ke8 32. Be2 $19) 30... Ke8 31. Bf5 Qa5 32.
Bxe6 $19 (32. Rb1 32... Bc6 $17) 32... dxe6 (32... fxe6 $6 33. Qh5+ Kf8 34.
Qh8+ Ke7 35. Qh7+ Kd8 36. Qg8+ Ke7 37. Qh7+ Kd8 38. Qg8+ Ke7 39. Qh7+ $11) 33.
h3 Rd8 34. Qh8+ Bf8 35. Rb1 Be4 36. Rc1 Rd7 37. Qh4 Bc6 (37... Qd2 38. Ra1 Qb2
39. Re1 $19) 38. Nd4 (38. Rb1 $142 38... Bxb5 39. Rxb5 Qe1+ 40. Kh2 $19) 38...
Qd2 39. Nb3 Qb2 40. Qg3 Be4 (40... Ba4 $5 {ist genauer} 41. Rc3 Rd1+ 42. Kh2
$19) 41. Qe3 (41. Re1 Bc2 42. Nc1 42... Bd1 $19) 41... Bd3 $1 {
nun ist alles klar} (41... Qxe5 $6 42. Re1 f5 43. f3 $19) 42. Na1 (42. Na5 {
ist der letzte Rettungsanker} 42... Bc5 $1 {weise Rueckgabe des Materials} 43.
Qf4 $19) 42... Bc5 $1 {nicht am Material kleben ist die Devise} 43. Qf4 Bb1 44.
Rf1 44... Rd3 $1 {das war die Absicht} 45. Qe4 (45. Kh2 {
kann das Vorangegangene nicht ungeschehen machen} 45... Ra3 46. Rd1 46... Rxa1
$19) 45... Bxf2+ (45... Qxa1 $6 {waere hingegen schwach, denn} 46. Qxd3 Bxd3
47. Rxa1 $14) 46. Rxf2 Rd1+ 47. Kh2 47... Qxf2 $1 {
glaenzend gespielt. Es droht Matt} 48. Qa8+ 48... Ke7 {Mit der Mattdrohung Qf4}
49. Qa3+ 49... c5 {Es droht Matt} 50. Qa7+ Rd7 (50... Kf8 $142 {
sichert den Gewinn} 51. Qa8+ Kg7 52. Qf3 Qg1+ 53. Kg3 $19) 51. Qa3 51... Qf4+ {
Schwarz erlangt Initiative} 52. Qg3 Qxg3+ 53. Kxg3 Ra7 54. Nb3 Ra3 55. h4 Rxb3+
56. Kf4 (56. Kf2 {holt die Kuh nicht vom Eis} 56... Bd3 $19) 56... Rb4 57. Kg3
Rxc4 58. h5 f5 59. h6 Rg4+ 60. Kh3 Kf7 61. h7 Kg7 62. Kh2 {
Wenn Weiss nun zu h8Q kommt, geht es ihm besser} 62... c4 $1 {
zwingend und schoen} 63. h8=Q+ Kxh8 64. Kg1 c3 65. Kf2 c2 66. Kf3 (66. Ke2 {
aendert den traurigen Lauf der Dinge nicht} 66... c1=Q 67. g3 Re4+ 68. Kf2 Qd2+
69. Kf3 Qe2#) 66... c1=Q 67. g3 Qf1+ 68. Ke3 Qe1+ 69. Kf3 Be4# 0-1

[Event "ICS Rated blitz match"]
[Site "204.178.125.65"]
[Date "1999.10.01"]
[Round "?"]
[White "Hossa"]
[Black "Zippy"]
[Result "1-0"]
[WhiteElo "2347"]
[BlackElo "2256"]
[Annotator "Fritz 5.32 (20s)"]
[PlyCount "121"]
[EventDate "1999.??.??"]

1. e4 e5 2. Nf3 Nc6 3. Bc4 Be7 4. Nc3 d6 5. O-O (5. d3 Bg4 6. h3 Bh5 7. Be3 Nf6
8. Qe2 Nd4 9. Bxd4 exd4 10. Nb5 O-O 11. Nbxd4 Re8 12. Qe3 d5 13. exd5 Bb4+ 14.
c3 Rxe3+ 15. fxe3 Bc5 16. g4 Bg6 17. e4 Bxd4 18. Nxd4 Qd6 19. O-O-O 19... a6 {
Hyttrek,J-Adams,M/GER-chJW U15 1992/TD/0-1 (41)}) (5. h3 a6 6. d3 b5 7. Bd5 Bb7
8. a3 Nf6 9. Bb3 Nd4 10. Ba2 c6 11. Be3 Nxf3+ 12. Qxf3 O-O 13. Qg3 h6 14. Bxh6
Nh5 15. Qg4 Kh7 16. Qxh5 gxh6 17. O-O Qe8 18. Qf5+ Kh8 19. f4 19... Bc8 {
Vician,M-Derevjanik,M/Zilina 1997/EXT 99/1-0 (33)}) 5... Nf6 $146 (5... Bg4 6.
d3 (6. Be2 Nf6 7. d3 O-O 8. Be3 d5 9. d4 Nxe4 10. Nxe4 dxe4 11. Nxe5 Bxe2 12.
Qxe2 Nxd4 13. Bxd4 Qxd4 14. Ng4 f5 15. Ne3 Bc5 16. Qc4+ Qxc4 17. Nxc4 b5 18.
Ne3 Bxe3 19. fxe3 Rfd8 20. Rfd1 Rd6 21. Rxd6 cxd6 22. Rd1 Rd8 23. Rd5 Rc8 24.
Rxf5 Rxc2 25. Rxb5 Re2 26. Rb8+ Kf7 27. Rb7+ Kf6 28. Rb3 h5 29. Kf1 Rc2 30. h3
Rc7 31. Rc3 Rxc3 32. bxc3 g5 33. Kf2 h4 34. g4 Ke5 35. c4 Ke6 36. Ke2 Kd7 37.
Kd2 Kc6 38. Kc2 Kc5 39. Kc3 a6 40. a3 a5 41. a4 d5 42. cxd5 Kxd5 43. Kb3 {
- Griffiths,N-Reardon,S/Canberra 1992/EXT 98 (43)}) (6. h3 Bh5 7. Be2 Bg6 8. d3
Qd7 9. Be3 f5 10. Bg5 Nf6 11. Bxf6 Bxf6 12. Qd2 Nd8 13. Nh2 Ne6 14. Bf3 Bg5 15.
Qd1 O-O-O 16. Re1 Rdf8 17. Bh5 Nf4 18. Bxg6 hxg6 19. Qf3 fxe4 20. Qxe4 Rh4 21.
Kf1 Nxh3 22. Qe2 Rxf2+ 23. Qxf2 Nxf2 24. Nf3 Rf4 25. Kxf2 Bh4+ 26. g3 26...
Bxg3+ {0-1 Frankot,E-Delemarre,M/Nijmegen 1992/EXT 99 (26)}) 6... Nd4 7. Kh1
Bh4 8. Be3 Nxf3 9. gxf3 Bh5 10. Rg1 Qf6 11. Rg2 Bxf3 12. Qd2 c6 13. Kg1 Bxg2
14. Kxg2 h6 15. Rg1 Bg5 16. Kf1 Bxe3 17. Qxe3 Ne7 18. Qg3 g5 19. Qg4 Ng6 20.
Ne2 {Mayer,C-Bernwald,A/Wallertheim 1994/GER/0-1 (30)}) 6. d4 exd4 7. Nxd4 Ne5
8. Bb5+ 8... c6 {Staerkt d5} 9. Be2 O-O 10. f4 Ned7 11. Bf3 Qb6 12. Rf2 Nc5 13.
Rb1 a5 14. e5 {Raumvorteil} 14... dxe5 15. fxe5 Ne8 16. Bh5 16... Qc7 $2 $16 (
16... f6 $5 $142 {ist noch spielbar} 17. Qe2 fxe5 18. Rxf8+ Bxf8 19. Qxe5 19...
Bd7 $11) 17. Bf4 $11 (17. Bxf7+ Rxf7 18. Rxf7 Kxf7 19. Qh5+ Kf8 20. Be3 $14)
17... Ne6 18. Bg3 Bc5 19. Nce2 Nxd4 20. Nxd4 20... Be6 {e5 wird blockiert} 21.
b3 {Ueberdeckt c4} 21... Rd8 22. c3 {Verwehrt dem Gegner b4+d4} 22... Qb6 23.
Rd2 Bf5 24. Rc1 g6 25. Bg4 (25. Bf3 25... Nc7 $11) 25... Bxg4 26. Qxg4 Nc7 27.
Bh4 $15 (27. Kh1 27... Nb5 $11) 27... Rd5 28. Bf6 {Der Laeufer steht aktiv}
28... Ne8 29. Re1 Nxf6 30. exf6 Rfd8 31. Qf4 Rf5 32. Qh4 Rh5 33. Qe4 $15 (33.
Qf4 h6 34. Rde2 Bd6 (34... Bxd4+ $143 35. cxd4 Qxd4+ 36. Qxd4 Rxd4 37. Re8+ Kh7
38. R8e7 $14) 35. Re8+ 35... Bf8 $14) 33... Qc7 34. g3 b5 35. Re3 $17 (35. b4
$5 {muss geprueft werden} 35... axb4 36. cxb4 $11) 35... b4 $15 {Raumvorteil} (
35... Qd7 36. a3 $17) 36. Nxc6 {Mit der Mattdrohung Rxd8} 36... Bxe3+ (36...
Rxd2 37. Qe8+ Bf8 38. Ne7+ Qxe7 39. fxe7 Rd1+ 40. Kg2 Rd2+ 41. Kf1 Rf5+ 42. Ke1
Rd1+ 43. Kxd1 Rd5+ 44. Kc1 Kg7 45. exf8=Q+ Kf6 46. Qee7+ Kf5 47. Qfxf7+ Kg4 48.
Qh4#) 37. Qxe3 Rf8 38. Ne7+ {e7, ein Paradefeld} 38... Kh8 39. c4 39... Qe5 {
Mit der Mattdrohung Qxe3} 40. Qf2 Qc3 (40... Qe6 41. Re2 Re5 42. Rxe5 Qxe5 43.
h3 $15) 41. Rd1 Re8 42. Kg2 Qe5 (42... a4 43. Nd5 Qe5 44. Kg1 $15 (44. Nxb4
Rxh2+ 45. Kxh2 Qh5+ 46. Kg2 Qxd1 47. bxa4 47... Re2 $19 (47... Qxa4 $6 48. Qd2
$19))) 43. Re1 Qb8 44. Qe3 Rd8 45. Kg1 $15 (45. Nd5 Qc8 46. Kg1 46... Rf8 $11)
45... Rd6 46. Qf2 Qd8 (46... Qb6 47. Qxb6 Rxb6 48. Nd5 $11) 47. Nd5 {
Der Springer ist gut plaziert} 47... Rhxd5 48. cxd5 Rxd5 49. g4 $17 (49. Qf4 $5
49... Rd1 50. Rxd1 Qxd1+ 51. Kf2 Qc2+ 52. Ke3 Qc3+ 53. Ke4 Qc6+ 54. Kd4 Qb6+
55. Kd3 Qb5+ 56. Kd2 $11) 49... h6 $11 (49... Rd1 $5 $17) 50. Qe3 {Droht Matt}
50... Kh7 (50... Qxf6 $4 {vergiftet...} 51. Qxh6+ Kg8 52. Re8#) 51. Qe7 {
Droht Matt: Qxf7} 51... Qg8 $11 (51... Rd7 52. Qxd8 Rxd8 53. Re7 $11) 52. Rc1
Kh8 53. Rc7 (53. Qe3 53... g5 $11) 53... Rd1+ 54. Kf2 Rd2+ 55. Kf3 $11 (55. Ke1
$5 55... Rd3 56. Qxf7 Qxf7 57. Rxf7 $16) 55... Rxa2 $4 $18 (55... a4 $11 $142 {
war noch moeglich}) 56. Qd7 {Es droht Matt} (56. Qxf7 $6 {
ist naheliegend und schlecht} 56... Qxf7 (56... Rxh2 $4 {
der Bauer ist nicht zu nehmen} 57. Rc8 Rh3+ 58. Kg2 Rg3+ 59. Kxg3 Qxc8 60. Qg7#
) 57. Rxf7 Kg8 (57... Rxh2 $2 {ist nicht korrekt} 58. Rf8+ Kh7 59. Re8 $18) 58.
Rg7+ 58... Kf8 $11) 56... Rb2 (56... Qa8+ {
wuerde die Partie noch etwas verlaengern} 57. Ke3 Re2+ 58. Kxe2 Qa6+ 59. Ke1
Qxf6 60. Qxf7 Qh4+ 61. Qf2 Qxf2+ 62. Kxf2 62... Kg8 $18) 57. Rc8 $1 {die Pointe
} 57... Rd2 (57... h5 {aendert nichts mehr} 58. Qxf7 hxg4+ 59. Ke4 Re2+ 60. Kd3
Re3+ 61. Kxe3 Qxc8 62. Qg7#) 58. Rxg8+ Kxg8 59. Qe8+ Kh7 60. Qxf7+ Kh8 61. Qg7#
1-0

[Event "ICS Rated blitz match"]
[Site "204.178.125.65"]
[Date "1999.10.05"]
[Round "?"]
[White "Hossa"]
[Black "Zippy"]
[Result "0-1"]
[WhiteElo "2442"]
[BlackElo "2235"]
[PlyCount "106"]
[EventDate "1999.??.??"]

1. Nf3 g6 2. d4 d6 3. e4 Bg7 4. Bc4 Nf6 5. Nc3 O-O 6. O-O Nxe4 7. Nxe4 d5 8.
Bd3 dxe4 9. Bxe4 Nd7 10. Bg5 Nf6 11. Bd3 Qd6 12. Qe2 Be6 13. c3 Rad8 14. Ne5
Nd5 15. Rae1 b6 16. Qd2 f6 17. Nc4 Qc6 18. Bh6 Bxh6 19. Qxh6 Bf7 20. Nd2 Qa4
21. Bc4 e6 22. Bb3 Qd7 23. a3 Kh8 24. Ne4 Bg8 25. Bxd5 exd5 26. Nd2 c5 27. dxc5
bxc5 28. b4 d4 29. bxc5 dxc3 30. Ne4 Bc4 31. Nxc3 Bxf1 32. Rxf1 Qc6 33. Rb1
Rfe8 34. Qf4 Re5 35. f3 Qxc5+ 36. Kh1 Qe7 37. Kg1 Re1+ 38. Kf2 Rxb1 39. Nxb1
Rd1 40. Qb8+ Kg7 41. Kg3 Qe1+ 42. Kh3 g5 43. Qxa7+ Kh6 44. Qa4 Rxb1 45. Qd4
Qe6+ 46. Kg3 f5 47. Kh3 Rb3 48. g3 Rxf3 49. Qb2 Rd3 50. a4 g4+ 51. Kg2 Qd5+ 52.
Kg1 Rd1+ 53. Kf2 53... Qf3# {Hossa checkmated} 0-1

[Event "ICS Rated blitz match"]
[Site "204.178.125.65"]
[Date "1999.09.22"]
[Round "?"]
[White "Hossa"]
[Black "Zippy"]
[Result "0-1"]
[WhiteElo "2119"]
[BlackElo "2363"]
[PlyCount "194"]
[EventDate "1999.??.??"]

1. d4 Nf6 2. c4 e6 3. Nc3 Bb4 4. e3 c5 5. a3 Bxc3+ 6. bxc3 Qa5 7. Bb2 cxd4 8.
exd4 Nc6 9. Nf3 O-O 10. Bd3 b6 11. O-O Bb7 12. Nd2 g6 13. Qf3 Ne5 14. Qg3 Nxd3
15. Qxd3 Rac8 16. Qg3 Qf5 17. Rae1 d5 18. Qh4 dxc4 19. f3 Qb5 20. Qxf6 Qxb2 21.
Nb1 b5 22. Rf2 Qb3 23. Rfe2 a5 24. Qe7 Bd5 25. Qf6 Rc6 26. Re5 Rd6 27. R5e3 Ba8
28. Kh1 Bc6 29. Rf1 Rd5 30. Kg1 Rf5 31. Qe7 Qc2 32. Rfe1 Re8 33. Qc7 Bd5 34.
Qxa5 Ra8 35. Qc7 Qb3 36. Re5 Rxe5 37. Qxe5 Qb2 38. Qf6 Bc6 39. Qf4 Qa1 40. Rf1
Qa2 41. Qd6 Bd5 42. Qe7 Qe2 43. Qb4 Bc6 44. Qc5 Ra6 45. Qg5 Ra4 46. Qd8+ Kg7
47. Qc8 Bd5 48. Qe8 Ra5 49. Qe7 Ra8 50. Qb4 Bc6 51. Qd6 Ra6 52. Qf4 h6 53. Qh4
f6 54. Re1 Qb2 55. Qf4 Be8 56. Qc7+ Bf7 57. Qe7 Ra8 58. Qb7 Ra5 59. Qb6 Ra4 60.
Qb8 g5 61. Qd6 Ra7 62. Qb6 Ra8 63. Qb7 Ra4 64. Qe7 h5 65. h3 h4 66. Qc7 Ra6 67.
Qb7 Ra5 68. Qd7 Qc2 69. Qe7 Ra4 70. Qc5 Qb2 71. Rf1 Kg6 72. Qb6 Ra8 73. Re1 Kg7
74. Qd6 Qc2 75. Qb4 Qb3 76. Qe7 Re8 77. Qd7 Qb2 78. Qb7 e5 79. a4 b4 80. cxb4
Qxd4+ 81. Kh1 Qb2 82. Qb6 Bg6 83. Qb5 Re7 84. Qc5 Rd7 85. Qc6 Ra7 86. Qxc4 Bxb1
87. Qc5 Rb7 88. b5 Bf5 89. Qd5 Rd7 90. Qc6 Qf2 91. Rc1 Rd2 92. Rg1 Bxh3 93.
Qb7+ Rd7 94. Qe4 Rd1 95. Qb7+ Kh6 96. Kh2 Qg3+ 97. Kh1 97... Bxg2# {
Hossa checkmated} 0-1

[Event "ICS Rated blitz match"]
[Site "204.178.125.65"]
[Date "1999.09.24"]
[Round "?"]
[White "Hossa"]
[Black "Zippy"]
[Result "0-1"]
[WhiteElo "2395"]
[BlackElo "2413"]
[PlyCount "93"]
[EventDate "1999.??.??"]

1. d4 f5 2. g3 e6 3. Bg2 Nf6 4. Nf3 d5 5. O-O Bd6 6. c4 O-O 7. Bg5 h6 8. Bxf6
Rxf6 9. Ne5 c6 10. f4 Nd7 11. e3 Qb6 12. Rf2 Qb4 13. a3 Qa5 14. Nc3 Be7 15. Qh5
Nxe5 16. fxe5 Rf8 17. cxd5 cxd5 18. Rc1 Bg5 19. Rf3 Qb6 20. Rc2 Bd7 21. Bf1 Be8
22. Qh3 a6 23. Bg2 Rf7 24. Rcf2 Rc8 25. Re2 Rfc7 26. Kh1 Bb5 27. Rc2 Bd3 28.
Rcf2 Be4 29. Qh5 Bxf3 30. Qxf3 Rxc3 31. bxc3 Rxc3 32. Qh5 Rxe3 33. Rf1 Kh7 34.
Qf7 Rxa3 35. Bf3 Qb5 36. Bg2 Qc6 37. Rb1 Ra2 38. h4 Qc2 39. Rg1 Be3 40. h5 f4
41. Qxe6 Bxg1 42. Qg6+ Qxg6 43. hxg6+ Kxg6 44. Kxg1 fxg3 45. Bxd5 Rb2 46. Be4+
Kf7 47. d5 {Hossa resigns} 0-1